Sports Quiz

Random Sports or Book Quiz

Sports Books: The Subtitles II Quiz Stats

 Plays Quiz Updated Jan 9, 2018

Challenge
Share
Tweet
Embed
Score 0/15 Timer 04:00
0 Plays Today
% Correct
The Naked Olympics
93.6%
Blood in the Cage
91.6%
The Rivals
91.2%
Roller Derby
91.2%
The End of the Perfect 10
90.8%
Futebol
90.7%
You Are an Ironman
89.2%
Return of the King
87.5%
% Correct
Cycle of Lies
86%
Eight Men Out
85.9%
A Good Walk Spoiled
85.9%
Outcasts United
85.1%
A Jerk on One End
83.6%
Can I Keep My Jersey?
82.5%
Breakaway
76.6%

You're not logged in!

Compare scores with friends on all Sporcle quizzes.
OR
Log In

You Might Also Like...

Show Comments

Extras

Top Quizzes Today


Score Distribution

Your Account Isn't Verified!

In order to create a playlist on Sporcle, you need to verify the email address you used during registration. Go to your Sporcle Settings to finish the process.

Report this User

Report this user for behavior that violates our Community Guidelines.

Details: